000 00594nam a2200157Ia 4500
008 100122s9999 xx 000 0 und d
082 _b186
_a923.254
100 _aकेळकर न चिं
245 _aलोकमान्य टिळकांचे पुण्यस्मरण
250 _a0
260 _bप्रकाशक शोधणे
_c1924
300 _a55
630 _aलोकमान्य टिळकांचे पुण्यस्मरण
730 _aलोकमान्य टिळकांचे पुण्यस्मरण
942 _cBOOK
999 _c395373
_d395370